Foundations of information technology (Record no. 4936)

MARC details
000 -LEADER
fixed length control field 00354nam a2200133Ia 4500
008 - FIXED-LENGTH DATA ELEMENTS--GENERAL INFORMATION
fixed length control field 150201s2008 xx 000 0 und d
082 ## - DEWEY DECIMAL CLASSIFICATION NUMBER
Classification number 4
Item number YAD
100 ## - MAIN ENTRY--PERSONAL NAME
Personal name Yadav,D.S
245 ## - TITLE STATEMENT
Title Foundations of information technology
250 ## - EDITION STATEMENT
Edition statement 3rd Rev. Ed.
260 ## - PUBLICATION, DISTRIBUTION, ETC. (IMPRINT)
Name of publisher, distributor, etc. New Age International Publication
Place of publication, distribution, etc. New Delhi
Date of publication, distribution, etc. 2008
300 ## - PHYSICAL DESCRIPTION
Extent 463p.
942 ## - ADDED ENTRY ELEMENTS (KOHA)
Source of classification or shelving scheme Dewey Decimal Classification
Koha item type Books
Koha issues (borrowed), all copies 2
Holdings
Withdrawn status Lost status Source of classification or shelving scheme Damaged status Use restrictions Not for loan Home library Current library Shelving location Date acquired SGTU Full call number Barcode Date last seen Bill Date Koha item type Total Checkouts Date last checked out Total Renewals
    Dewey Decimal Classification   Restricted Access Not For Loan SGT Engineering Library SGT Engineering Library Reference Book 28/04/2010 SGTU 4 YAD FE1101 09/02/2015 09/02/2015 Books      
    Dewey Decimal Classification       SGT Engineering Library SGT Engineering Library   28/04/2010 SGTU 4 YAD FE1102 23/12/2017 09/02/2015 Books 1 13/12/2017  
    Dewey Decimal Classification       SGT Engineering Library SGT Engineering Library   28/04/2010 SGTU 4 YAD FE1103 13/02/2017 09/02/2015 Books 1 13/02/2017  
    Dewey Decimal Classification       SGT Engineering Library SGT Engineering Library   28/04/2010 SGTU 4 YAD FE1104 25/02/2022 09/02/2015 Books 2 13/12/2021 1
    Dewey Decimal Classification       SGT Engineering Library SGT Engineering Library   28/04/2010 SGTU 4 YAD FE1105 13/05/2019 09/02/2015 Books      
    Dewey Decimal Classification       SGT Engineering Library SGT Engineering Library   06/09/2012 SGTU 4 YAD FE5424 09/02/2015 09/02/2015 Books      
    Dewey Decimal Classification       SGT Engineering Library SGT Engineering Library   06/09/2012 SGTU 4 YAD FE5425 09/02/2015 09/02/2015 Books